| 000 | 00865cam a22002771 4500 | ||
|---|---|---|---|
| 001 | 47520 | ||
| 003 | BD-RjUL | ||
| 005 | 20211209054332.0 | ||
| 008 | 160810s1960 pk k 000 0 eng | ||
| 035 | _a(BD-RjUL)47639 | ||
| 035 | _a(BD-RjUL) | ||
| 040 |
_aDLC _cCLU _dCLU _dBD-RjUL _beng |
||
| 041 | _aeng | ||
| 082 |
_a343.549077 _bMIN 1960 |
||
| 100 |
_aShafi, M. _9161743 |
||
| 245 | 1 | 0 |
_aMining labour code : _bAmended upto 30th September 1960 / _cM. Shafi |
| 250 | _a1960 ed. | ||
| 260 |
_aKarachi : _bBureau of Labour Publications, _c1960. |
||
| 300 |
_a200 p.: _bforms; _c25 cm. |
||
| 500 | _a "Laws, ordinances and rules regulating labour in mines." | ||
| 650 | 0 |
_aLabor laws and legislation _zPakistan. _9144476 |
|
| 650 | 0 |
_aMiners _zPakistan. _9161744 |
|
| 650 | 0 |
_aMining law _zPakistan _9157589 |
|
| 942 |
_2ddc _cBK |
||
| 999 |
_c47520 _d47520 |
||